000 00481nam a2200193Ia 4500
003 GCL
008 140319s9999 xx 000 0 eng d
040 _aGCL /
_cGCL
082 0 4 _a745.723
_bE D
100 1 _aEBUEY PRESS
245 1 0 _aDECORATIVE PAINTING OF THE WORLD /
_cEBUEY PRESS
260 _a[S.N] :
_bEBARY PRESS ،
_c1993
300 _a176
650 0 4 _aARTS
650 0 4 _aPAINTING
650 0 4 _aPAINTING - DECORATION
650 0 4 _aDECORATION ART
942 _2ddc
_cBK
999 _c18833
_d18833